<?xml version="1.0" encoding="UTF-8"?><?xml-stylesheet type="text/xsl" href="static/style.xsl"?><OAI-PMH xmlns="http://www.openarchives.org/OAI/2.0/" xmlns:xsi="http://www.w3.org/2001/XMLSchema-instance" xsi:schemaLocation="http://www.openarchives.org/OAI/2.0/ http://www.openarchives.org/OAI/2.0/OAI-PMH.xsd"><responseDate>2026-06-06T02:26:09Z</responseDate><request verb="GetRecord" identifier="oai:riuma.uma.es:10630/33290" metadataPrefix="marc">https://riuma.uma.es/rest/oai/request</request><GetRecord><record><header><identifier>oai:riuma.uma.es:10630/33290</identifier><datestamp>2026-02-03T11:20:04Z</datestamp><setSpec>com_10630_2254</setSpec><setSpec>col_10630_37953</setSpec></header><metadata><record xmlns="http://www.loc.gov/MARC21/slim" xmlns:dcterms="http://purl.org/dc/terms/" xmlns:doc="http://www.lyncode.com/xoai" xmlns:xsi="http://www.w3.org/2001/XMLSchema-instance" xsi:schemaLocation="http://www.loc.gov/MARC21/slim http://www.loc.gov/standards/marcxml/schema/MARC21slim.xsd">
   <leader>00925njm 22002777a 4500</leader>
   <datafield ind2=" " ind1=" " tag="042">
      <subfield code="a">dc</subfield>
   </datafield>
   <datafield ind2=" " ind1=" " tag="720">
      <subfield code="a">Hierrezuelo-Osorio, José Manuel</subfield>
      <subfield code="e">author</subfield>
   </datafield>
   <datafield ind2=" " ind1=" " tag="720">
      <subfield code="a">Szilagyi, Istvan</subfield>
      <subfield code="e">author</subfield>
   </datafield>
   <datafield ind2=" " ind1=" " tag="720">
      <subfield code="a">Vaccaro, Andrea</subfield>
      <subfield code="e">author</subfield>
   </datafield>
   <datafield ind2=" " ind1=" " tag="720">
      <subfield code="a">Borkovec, Michal</subfield>
      <subfield code="e">author</subfield>
   </datafield>
   <datafield ind2=" " ind1=" " tag="260">
      <subfield code="c">2010-10-06</subfield>
   </datafield>
   <datafield ind2=" " ind1=" " tag="520">
      <subfield code="a">The thickness of adsorbed polyelectrolyte layers on oppositely charged particles can be&#xd;
measured by dynamic light scattering (DLS) with a precision of fractions of a nanometer. However, such data&#xd;
can be only reliably obtained when effects of particle aggregation are carefully eliminated by working at&#xd;
low particle number concentrations. In order to achieve a sufficient light scattering intensity at the same time,&#xd;
the size of colloidal particles must be chosen relatively large. We find that such measurements are best carried&#xd;
out with latex particles in the range of diameters of 150-300 nm. The precision of the measurement can be&#xd;
further enhanced with multiangle DLS. The thickness of adsorbed polyelectrolyte layers on oppositely&#xd;
charged particles is normally below 10 nm. At low ionic strengths, a typical thickness is merely 1-2 nm, while&#xd;
at higher ionic strengths one observes thicknesses between 6 and 9 nm. The transition between these two&#xd;
regimes occurs at ionic strengths 0.01-0.05 M. These observations were made with various highly charged&#xd;
cationic and anionic polyelectrolytes and can be considered as quite generic.</subfield>
   </datafield>
   <datafield ind1="8" ind2=" " tag="024">
      <subfield code="a">Macromolecules 2010, 43, 21, 9108–9116</subfield>
   </datafield>
   <datafield ind1="8" ind2=" " tag="024">
      <subfield code="a">https://hdl.handle.net/10630/33290</subfield>
   </datafield>
   <datafield ind1="8" ind2=" " tag="024">
      <subfield code="a">10.1021/ma1014462</subfield>
   </datafield>
   <datafield tag="653" ind2=" " ind1=" ">
      <subfield code="a">Hidrodinámica</subfield>
   </datafield>
   <datafield ind2="0" ind1="0" tag="245">
      <subfield code="a">Probing Nanometer-Thick Polyelectrolyte Layers Adsorbed on Oppositely Charged Particles by Dynamic Light Scattering</subfield>
   </datafield>
</record>
</metadata></record></GetRecord></OAI-PMH>